000 00367nam a2200145Ia 4500
008 210210b1982 xxu||||| |||| 00| 0 eng d
082 _a327.51 YURP
100 _aYURKOV (Steophan).
245 _aPeking plans for Asia.
260 _aND
_bSterling Publishers (P) Ltd
_c1982
300 _a131
650 _aAsia
690 _aInternational Relations
906 _a035922
999 _c86167
_d86167